000 00707nam a2200229 a 4500
001 19642
003 CO-ViMGA
008 141112s2004 ck r 000 u spa d
020 _a8480195302
040 _aCO-ViMGA
_bspa
_cCO-ViMGA
082 0 4 _a796.426 M253m
100 1 _aMcNeill, Ian
_928414
245 1 0 _aEl Manual del corredor principiante :
_bel programa contrastado de trece semanas para caminar y correr
260 _aBarcelona :
_bEditorial Paidotribo,
_c2001
300 _a196 p.
490 _aColección Atletismo
590 _aForma de adquisición : Premio Mincultura
650 1 4 _aATLETISMO
650 1 4 _aCAMINATA Y DEPORTE
_928415
650 1 4 _aENTRENAMIENTO ATLETICO
942 _2ddc
_cBK
999 _c28778
_d28778